000 01583nam0a2200373 4500
001 RU\NLR\bibl\1343039
005 20250615171217.0
010 _a978-5-98180-617-9
_9500
021 _aRU
_b2009-2995
_9161
035 _a(NLR Aleph) 001328190
090 _a783370
_c783370
100 _a20081217d2008 |||y0rusy50 ca
101 0 _arus
102 _aRU
105 _aa |||||||||
200 1 _aКомпетентностно-ориентированное управление нематериальными ресурсами предприятия
_fТ. А. Гилева
210 _aКазань
_cИзд-во Казанского государственного университета
_d2008
215 _a123 с.
_cил.
_d22
320 _aБиблиогр.: с. 121-123 (37 назв.)
606 1 _aПредприятия
_xНематериальные активы
_xСтратегическое управление
_92544171
_3RU\NLR\auth\661505943
606 1 _aПредприятия
_xИнтеллектуальный капитал
_xУправление
_92551132
_3RU\NLR\auth\661509584
686 _aУ301-573
_vLBC/M
_2rubbk
686 _a06.71
_2rugasnti
686 _aУ5-571.1-21
686 _aУ5-14-21
700 1 _aГилева
_bТ. А.
_gТатьяна Альбертовна
_4070
801 0 _aRU
_bНБ Казанского ГУ
_c20081217
_gRCR
801 1 _aRU
_bНБ Казанского ГУ
_c20090119
_gRCR
801 2 _aRU
_bNLR
_c20090318
_grcr
830 _aавт. по кн.
942 _cBOOK
980 _aNB
980 _aNBR